| 000 | 00585nam a2200229 a 4500 | ||
|---|---|---|---|
| 999 |
_c5776 _d5776 |
||
| 001 | 5776 | ||
| 003 | BD-JhCC | ||
| 005 | 20171221110049.0 | ||
| 008 | 171221s1964 r a|||| || | 000 0 eng d | ||
| 035 | _a(BD-JhCC)5776 | ||
| 040 |
_aBD-JhCC _dBD-JhCC |
||
| 041 | _aeng | ||
| 082 |
_a628.183 _bTRE 1964 |
||
| 100 | _aTretyakov, A. | ||
| 245 |
_aConcrete and Concreting / _cA. Tretyakov, |
||
| 260 |
_aMoscow : _bMir Publishers, _c1964. |
||
| 300 |
_a312 p. : _bill. ; _c21 cm. |
||
| 650 | _aConcrete onstraction | ||
| 650 | _aPrecost Concrete | ||
| 942 |
_2ddc _cBK |
||